000 00342nam a2200121Ia 4500
005 20251222143313.0
008 251222s9999||||xx |||||||||||||| ||spa||
082 _a351.88/S54
100 _aSiles Vallejos, Abraham
245 0 _aLa Justicia de Paz y su Labor Esencialmente Conciliadora:
264 _bInstituto de Defensa Legal
942 _cLIB
999 _c15807
_d15807